00440nam a2200169Ia 450000500170000000800410001702000220005804100080008008200160008810000120010424500400011626000390015630000080019550000280020365000270023170000120025820230422132425.0230125s9999 xx 000 0 und d a978-81-317-5865-6 aeng a658.45bMEH aMehra P aBusiness Communication for Managers c2014bPearson EducationaNew Delhi a370 aBusiness Communication  aBusiness Communication aMehra P